000 00930nam a2200193Ia 4500
001 11139
003 GE_BSU
008 181216s||||||||xx |||||||||||||| ||und||
040 _cGE_BSU
245 _aსაპატრიარქოს უწყებანი.№30(730)2014.
245 _bპატრიარქის ქადაგება,ქრონიკა, ინფორმაცია და სხვა.
245 _cრედ:დეკანოზი დავით შარაშენიძე და სხვა.
260 _aთბილისი.
260 _bსაქართველოს საპატრიაირქოს პრესცენტრის ყოველკვირეული გამოცემა
260 _c2014.1აგვისტო-18სექტემბერი
300 _a20გვ;27სმ
653 _aპერიოდიკა
942 _cCR
999 _c44377
_d44377